|
|
|
|
| LEADER |
00000nam a22000007a 4500 |
| 005 |
2019100400420.0 |
| 007 |
cr|||| |||| |
| 008 |
191004s2019 co |||||s|||| 00||0 spa d |
| 020 |
|
|
|a 9786200021953
|
| 035 |
|
|
|a 29257
|
| 040 |
|
|
|a vLex
|
| 090 |
|
|
|c 9716
|d 9716
|
| 100 |
1 |
|
|a Rosero Ceballos, Jhon Marlon
|
| 245 |
1 |
0 |
|a Naturaleza Jurd̕ica del Alquiler de Vientre
|h [Recurso electrn̤ico] /
|c Jhon Marlon Rosero Ceballos
|
| 256 |
|
|
|a Servicio en ln̕ea
|
| 260 |
|
|
|a Bogot:̀
|b Editorial Acadm̌ica Espaǫla,
|c 2019
|
| 300 |
|
|
|a 1 recurso electrn̤ico
|
| 500 |
|
|
|a El alquiler de vientre es un contrato carente de regulacin̤ en la ley Colombiana, sin embargo, es comn︢mente practicado; es comn︢ que en el contrato de maternidad subrogada la madre gestante este a cargo de obligaciones de carc̀ter personal e intransferible que realiza bajo el control de la parte contratante a cambio de una remuneracin̤ mensual, elementos que guardan similitud con los elementos esenciales del contrato de trabajo (Art. 23 CST); por tanto es valido cuestionar si ¿El alquiler de vientre puede constituir un contrato de trabajo?, y de ser as ̕¿Qu ̌implicaciones tiene en la aplicacin̤ del derecho laboral?.
|
| 506 |
1 |
|
|a Disponible solo en los productos indicados
|d vLex Global
|d vLex Global (Academic Edition, excluding Law Schools)
|d vLex Global (U.S. Academic Edition, Law Schools)
|d vLex Global (U.S. Academic Edition, excluding Law Schools)
|d vLex Global (Academic Edition, Law Schools)
|
| 650 |
0 |
4 |
|a Derecho Laboral y Seguridad Social
|z Colombia
|
| 740 |
0 |
|
|a vLex Libros (Servicio en ln̕ea)
|
| 856 |
4 |
0 |
|u http://vlex.com/source/29257
|z Acceso restringido
|
| 942 |
|
|
|c BOOK
|
| 999 |
0 |
|
|a Labor law and social security
|